[Event "55smm B Naturns-Groeden 2"]
[Site "?"]
[Date "2023.12.02"]
[Round "3.1"]
[White "Kasslatter, Matthias"]
[Black "Unterthurner, Hans"]
[Result "0-1"]
[WhiteElo "1652"]
[BlackElo "1905"]
[PlyCount "110"]
[EventDate "2023.12.02"]

1. e4 e6 2. d4 d5 3. exd5 exd5 4. Nf3 Nf6 5. Bd3 Bd6 6. O-O O-O 7. Re1 Bg4 8.
Bg5 Nbd7 9. Nbd2 c6 10. c3 Qc7 11. h3 Bh5 12. Qc2 Rfe8 13. Bf5 Bf4 14. Bxd7
Nxd7 15. Qf5 Bxg5 16. Qxg5 Bg6 17. Rac1 Qd6 18. c4 dxc4 19. Nxc4 Qc7 20. Re7 f6
21. Qe3 Bf7 22. b3 b5 23. Ncd2 Qd6 24. Re1 Nb6 25. Rxe8+ Rxe8 26. Ne4 Qc7 27.
Qc1 Nd5 28. Nc3 Rxe1+ 29. Qxe1 Nxc3 30. Qxc3 Bd5 31. Qe3 Kf7 32. Nd2 a5 33. Ne4
a4 34. Nc5 axb3 35. axb3 b4 36. Qd2 Qa5 37. Qf4 Qd8 38. Qd2 Qa5 39. Qf4 g5 40.
Qf5 Kg7 41. Qd7+ Kh6 42. Qe7 Qa1+ 43. Kh2 Qxd4 44. Qf8+ Kg6 45. Qe8+ Bf7 46.
Qxc6 Qxf2 47. Qe4+ Kg7 48. Qxb4 Bd5 49. Ne6+ Bxe6 50. Qe7+ Bf7 51. b4 Qf4+ 52.
Kh1 Qe5 53. Qb7 Kg6 54. b5 Bd5 55. Qa7 Qe2 0-1

[Event "55smm B Naturns-Groeden 2"]
[Site "?"]
[Date "2023.12.02"]
[Round "3.2"]
[White "Gurschler, Gregor"]
[Black "Scola, Matteo"]
[Result "1/2-1/2"]
[WhiteElo "1768"]
[BlackElo "1633"]
[PlyCount "108"]
[EventDate "2023.12.02"]

1. e4 c5 2. Nf3 e6 3. d4 cxd4 4. Nxd4 a6 5. Bc4 Qc7 6. Bb3 Nf6 7. Qd3 Bc5 8. h3
Qe5 9. Be3 Qxe4 10. Qxe4 Nxe4 11. Nd2 Nxd2 12. Kxd2 Nc6 13. Nxc6 Bxe3+ 14. Kxe3
dxc6 15. Rad1 Ke7 16. Rd2 Bd7 17. c3 Rad8 18. Rhd1 c5 19. a3 Bc6 20. f3 Rxd2
21. Rxd2 Rd8 22. Rf2 b5 23. Bc2 c4 24. Re2 g6 25. Kf4 f6 26. Ke3 e5 27. f4
exf4+ 28. Kxf4+ Kf7 29. g4 Rd6 30. Kg3 Re6 31. Rd2 Ke7 32. Kf2 Be4 33. Bd1 Rd6
34. Rxd6 Kxd6 35. Ke3 Ke5 36. h4 f5 37. gxf5 gxf5 38. a4 f4+ 39. Kf2 Kd5 40.
axb5 axb5 41. b4 cxb3 42. Bxb3+ Kc5 43. Ke1 h6 44. Kd2 Bd5 45. Bc2 Bc4 46. Be4
Kd6 47. Bg6 Ke5 48. Bc2 Bd5 49. Bd3 Bc4 50. Bc2 Kd5 51. Bg6 f3 52. Ke3 Be2 53.
Bf7+ Ke5 54. Bg6 Kd5 1/2-1/2

[Event "55smm B Ridnaun-Merania"]
[Site "?"]
[Date "2023.12.02"]
[Round "3.1"]
[White "Bonagura, Stefano"]
[Black "Haller, Quentin"]
[Result "1-0"]
[WhiteElo "2172"]
[BlackElo "2039"]
[PlyCount "91"]
[EventDate "2023.12.02"]

1. e4 c5 2. Nc3 e6 3. f4 Nc6 4. Nf3 d5 5. Bb5 Nge7 6. exd5 exd5 7. Qe2 Bg4 8.
Bxc6+ bxc6 9. d3 Bxf3 10. Qxf3 g6 11. Qf2 Qd6 12. O-O Bg7 13. Na4 Bd4 14. Be3
Nf5 15. Bxd4 cxd4 16. Rfe1+ Kf8 17. Re5 Kg7 18. Rxf5 gxf5 19. Qxd4+ Qf6 20. Qf2
Rhe8 21. c3 Re7 22. Re1 Rae8 23. Rxe7 Qxe7 24. Kf1 Qe3 25. Qxe3 Rxe3 26. Nc5
Kg6 27. Kf2 Re8 28. b4 f6 29. a4 Rb8 30. Nb3 a5 31. Nxa5 d4 32. Nxc6 dxc3 33.
Ke2 Ra8 34. a5 Kf7 35. d4 Ke6 36. Kd3 c2 37. Kxc2 Kd5 38. b5 Re8 39. Kd3 Re1
40. a6 Ra1 41. a7 Ra3+ 42. Kc2 Kd6 43. Kb2 Ra4 44. Kb3 Ra1 45. Kb4 Kc7 46. Na5
1-0

[Event "55smm B Ridnaun-Merania"]
[Site "?"]
[Date "2023.12.02"]
[Round "3.3"]
[White "Zuev, Mikhail"]
[Black "Sparber, Werner"]
[Result "1/2-1/2"]
[WhiteElo "1774"]
[BlackElo "1645"]
[PlyCount "101"]
[EventDate "2023.12.02"]

1. d4 d5 2. c4 e6 3. Nf3 Nf6 4. Bg5 Be7 5. Nbd2 O-O 6. e3 h6 7. Bh4 Nbd7 8. Bd3
c5 9. cxd5 exd5 10. Rc1 c4 11. Bb1 Re8 12. O-O b5 13. Re1 Bb7 14. Bxf6 Nxf6 15.
Ne5 Bd6 16. f4 Ne4 17. Nxe4 dxe4 18. Qh5 Bxe5 19. fxe5 Qg5 20. Qxg5 hxg5 21.
Rf1 g6 22. Rf6 Re6 23. Rcf1 Rf8 24. h4 gxh4 25. R6f4 g5 26. Rg4 Rg6 27. Bxe4
Bxe4 28. Rxe4 Rd8 29. Rg4 Kg7 30. Rf5 b4 31. d5 Rxd5 32. Rxc4 Rd1+ 33. Rf1
Rxf1+ 34. Kxf1 Rb6 35. Ke2 Kg6 36. Kd3 Kf5 37. Kd4 g4 38. Rc7 f6 39. Rc5 Kg6
40. Ke4 b3 41. a3 fxe5 42. Rxe5 Rc6 43. Kf4 Rc2 44. Kxg4 Rxg2+ 45. Kxh4 Rxb2
46. Rb5 Rb1 47. Kg3 Kf6 48. Kf3 Ke6 49. Ke2 Kd6 50. Kd2 Kc6 51. a4 1/2-1/2

[Event "55smm A Arci-Richter/Lask"]
[Site "?"]
[Date "2023.12.16"]
[Round "4.1"]
[White "De Eccher, Stefano"]
[Black "Seresin, Francesco"]
[Result "0-1"]
[WhiteElo "2175"]
[BlackElo "2321"]
[PlyCount "114"]
[EventDate "2023.12.16"]

1. e4 c6 2. d4 d5 3. Nc3 dxe4 4. Nxe4 Nf6 5. Nxf6+ exf6 6. c3 Bd6 7. Bd3 O-O 8.
Ne2 Re8 9. O-O Na6 10. Ng3 Nc7 11. f4 g6 12. f5 Nd5 13. Qf3 Bd7 14. Bh6 b5 15.
Nh5 Bf8 16. Bxf8 Rxf8 17. Qg3 Qb8 18. Nf4 Nxf4 19. Rxf4 g5 20. Raf1 Re8 21. h4
h6 22. Qg4 Qd6 23. R4f3 Kg7 24. Rh3 Rh8 25. hxg5 hxg5 26. Rff3 c5 27. dxc5
Qxc5+ 28. Kh2 Qe5+ 29. Qg3 Rxh3+ 30. gxh3 Qc5 31. Qf2 Qd5 32. Re3 Bc6 33. Be4
Qe5+ 34. Qg3 Bxe4 35. Qxe5 fxe5 36. Rxe4 Kf6 37. Rb4 a6 38. a4 bxa4 39. Rxa4
Kxf5 40. Kg3 Rb8 41. b4 Rc8 42. Ra3 Rc6 43. Kf3 Rh6 44. Kg3 Rc6 45. Kf3 Ke6 46.
Ke3 f5 47. Kd3 e4+ 48. Ke3 Ke5 49. Ra5+ Kf6 50. Ra3 Re6 51. c4 f4+ 52. Ke2 e3
53. Ra2 Ke5 54. Kf3 Kd4 55. c5 Kc3 56. Ra1 Kxb4 57. Rc1 e2 0-1

[Event "55smm A Arci-Richter/Lask"]
[Site "?"]
[Date "2023.12.16"]
[Round "4.2"]
[White "Olivetti, Davide"]
[Black "Moncher, Stefano"]
[Result "1-0"]
[WhiteElo "2128"]
[BlackElo "2168"]
[PlyCount "137"]
[EventDate "2023.12.16"]

{[%evp 0,137,28,32,45,40,43,39,23,23,68,30,31,31,49,56,70,31,34,36,33,43,38,43,
78,75,89,64,75,69,67,67,69,75,86,72,78,62,68,58,79,69,8 9,89,89,93,107,97,107,
113,97,106,118,128,128,121,121,130,127,127,127,100,113,102,113,108,148,134,136,
65,52,66,66,83,59,58,58,60 ,57,55,55,74,92,101,185,91,181,83,125,70,125,66,56,
56,86,108,116,124,113,122,117,114,114,114,114,114,114,114,114,114,114,114,12 6,
114,157,172,177,180,181,181,184,181,181,181,175,175,172,169,204,178,179,178,
178,176,176,178,254,254,1302,1322]} 1. e4 e6 2. d4 d5 3. Nc3 Bb4 4. e5 c5 5. a3
Bxc3+ 6. bxc3 Qa5 7. Bd2 Qa4 8. dxc5 Qe4+ 9. Qe2 Nc6 10. Qxe4 dxe4 11. f4 exf3
12. Nxf3 Nge7 13. Kf2 Ng6 14. Re1 O-O 15. Bd3 Rd8 16. h4 h6 17. h5 Nf8 18. g4
Nd7 19. g5 Nxc5 20. gxh6 Rxd3 21. cxd3 Nxd3+ 22. Ke2 Nxe1 23. Kxe1 gxh6 24.
Bxh6 Bd7 25. Rg1+ Kh7 26. Bf4 Rg8 27. Ng5+ Kh8 28. Nxf7+ Kh7 29. Ng5+ Kh8 30.
Rf1 Rf8 31. Ne4 Ne7 32. Nf6 Nd5 33. Nxd5 exd5 34. Be3 Rxf1+ 35. Kxf1 b6 36. Kf2
Bf5 37. Kg3 Kg7 38. Kf4 Bd3 39. Kg5 Kf7 40. Bd4 Bc2 41. Kh6 Bd3 42. Bf2 Bc2 43.
Bg3 Bd3 44. Kg5 Ke6 45. Kf4 Bc2 46. Ke3 a5 47. Kd4 a4 48. Bh4 Bd1 49. h6 Bc2
50. Bd8 Bg6 51. Bxb6 Bc2 52. Bd8 Bg6 53. Bg5 Bc2 54. Bf4 Bg6 55. Bg3 Bf5 56.
Kc5 Bc2 57. Kb5 Kd7 58. Kb4 Ke6 59. h7 Bxh7 60. Kxa4 d4 61. cxd4 Kd5 62. Bf2
Kc6 63. Kb4 Bg8 64. Kc3 Kb5 65. Bh4 Bf7 66. Be7 Bd5 67. Kd3 Bb3 68. Ke4 Kc4 69.
e6 1-0

[Event "55smm A Arci-Richter/Lask"]
[Site "?"]
[Date "2023.12.16"]
[Round "4.3"]
[White "Bevilacqua, Maurizio"]
[Black "Perino, Alberto"]
[Result "1-0"]
[WhiteElo "2027"]
[BlackElo "1927"]
[PlyCount "77"]
[EventDate "2023.12.16"]

1. d4 Nf6 2. Nf3 d5 3. c4 e6 4. g3 Be7 5. Bg2 O-O 6. Qc2 c5 7. dxc5 Qa5+ 8. Bd2
Qxc5 9. O-O dxc4 10. Na3 b5 11. Ng5 Nc6 12. Be3 Qd6 13. Nxb5 Qd7 14. Rfd1 Qb7
15. Nd6 Qa6 16. a3 Rb8 17. Nxc4 Bb7 18. Rac1 Rfd8 19. Nxf7 Kxf7 20. Bxc6 Bxc6
21. Ne5+ Kf8 22. Rxd8+ Rxd8 23. Qxc6 Qxc6 24. Rxc6 Bd6 25. Nc4 Bb8 26. Rxe6
Rd1+ 27. Kg2 Nd5 28. Bc5+ Kf7 29. Ra6 Rc1 30. Nd6+ Ke6 31. Ne4+ Ke5 32. f3 Rc2
33. Kf2 Rxb2 34. Bxa7 Bc7 35. Rc6 Ra2 36. Ng5 Rxa3 37. Nf7+ Kf5 38. g4+ Kf4 39.
Rc4# 1-0

[Event "55smm A Arci-Richter/Lask"]
[Site "?"]
[Date "2023.12.16"]
[Round "4.4"]
[White "Zammarchi, Massimo"]
[Black "Billio, Atto"]
[Result "1-0"]
[WhiteElo "1934"]
[BlackElo "2004"]
[PlyCount "54"]
[EventDate "2023.12.16"]

1. e4 c5 2. Nf3 a6 3. d4 cxd4 4. Nxd4 Nf6 5. Nc3 e5 6. Nf3 Bb4 7. Bd2 O-O 8.
Be2 d6 9. Nd5 Bxd2+ 10. Nxd2 Nxd5 11. exd5 b5 12. O-O Nd7 13. a4 bxa4 14. Rxa4
Nc5 15. Ra3 Rb8 16. b3 f5 17. c3 Qg5 18. b4 Nd7 19. Bxa6 Bxa6 20. Rxa6 Rf6 21.
Nf3 Qg4 22. h3 Qh5 23. Nd2 Qg5 24. Nf3 Qh5 25. Kh2 e4 26. Nd4 Qh6 27. f4 Ne5
1-0

[Event "55smm A Arci-Richter/Lask"]
[Site "?"]
[Date "2023.12.16"]
[Round "4.5"]
[White "Buglisi, Massimo"]
[Black "De Vita, Gianni"]
[Result "1/2-1/2"]
[WhiteElo "1911"]
[BlackElo "1936"]
[PlyCount "130"]
[EventDate "2023.12.16"]

{[%evp 0,130,25,28,62,26,37,6,65,65,65,77,71,78,66,68,58,32,47,12,45,27,50,21,
14,13,75,56,77,24,21,25,25,-7,2,-13,-49,-44,-57,-68,-1,0 ,-12,-29,-30,-65,-82,
-90,-93,-93,-89,-89,-83,-93,-99,-97,-90,-96,-97,-96,-103,-110,-64,-109,-123,
-114,-22,-17,-24,-24,-18,-25,- 24,-24,-24,-18,-12,-29,-29,-29,-29,-29,-33,-30,
-34,-33,-30,-30,-30,-30,-30,-30,-30,-30,-30,-30,-29,-29,-32,-32,-32,-32,-32,
-32, -32,-32,-32,-32,-32,-32,-32,-32,-32,-32,-32,-32,-32,-32,-32,-32,-32,-32,
-32,-32,-32,-78,-32,-36,-36,-36,-36,-111,-124]} 1. e4 c5 2. d4 cxd4 3. c3 d3 4.
Bxd3 Nc6 5. Nf3 d6 6. h3 g6 7. O-O Bg7 8. c4 Be6 9. Qe2 Qc7 10. Be3 Rc8 11. Nc3
Bxc3 12. bxc3 Ne5 13. Nxe5 dxe5 14. c5 Nf6 15. Rab1 O-O 16. f3 Nd7 17. Qf2 Nxc5
18. Bxc5 Qxc5 19. Rxb7 Qxf2+ 20. Rxf2 Rxc3 21. Bb5 Ra3 22. Rxe7 Rb8 23. Bd7 Kf8
24. Rxe6 fxe6 25. Bxe6 Ke7 26. Bd5 Rc3 27. Rd2 g5 28. Bb3 Rc5 29. Kf2 h5 30.
Kg3 Rd8 31. Rxd8 Kxd8 32. h4 gxh4+ 33. Kxh4 Ke7 34. Kxh5 Rc6 35. g3 Rc3 36. Kg4
Kf6 37. f4 a5 38. f5 Rc7 39. Kh4 Rd7 40. Kg4 Rh7 41. Bd5 Rh1 42. Bb3 Re1 43.
Bd5 Re2 44. Kf3 Re1 45. Kg4 Re3 46. Kh4 Re1 47. Kg4 a4 48. Bc6 a3 49. Bd5 Re2
50. Kf3 Rd2 51. Kg4 Rb2 52. Bc4 Rb4 53. Bd5 Rb8 54. Kh4 Rd8 55. Kg4 Rd7 56. Be6
Rh7 57. Bd5 Ke7 58. Kf3 Rg7 59. Bb3 Kf6 60. Be6 Kg5 61. Ke3 Rc7 62. Kd3 Rc1 63.
Ke3 Rc3+ 64. Kf2 Rd3 65. Kg2 Re3 1/2-1/2

[Event "55smm A Arci-Richter/Lask"]
[Site "?"]
[Date "2023.12.16"]
[Round "4.6"]
[White "Niederstaetter, Harald"]
[Black "Di Lazzaro, Gabriele"]
[Result "0-1"]
[WhiteElo "1869"]
[BlackElo "1814"]
[PlyCount "30"]
[EventDate "2023.12.16"]

{[%evp 0,30,19,9,18,13,30,18,47,46,63,13,49,46,42,45,69,48,45,17,19,24,17,-86,
-7,-85,-89,-86,-83,-190,-183,-321,-327]} 1. d4 d5 2. Bf4 Nf6 3. e3 g6 4. Nf3
Bg7 5. Bd3 Bg4 6. h3 Bxf3 7. Qxf3 Nbd7 8. O-O O-O 9. Nd2 c5 10. c3 Re8 11. Be5
cxd4 12. exd4 Nxe5 13. dxe5 Nd7 14. Qxd5 Nxe5 15. Qxd8 Rexd8 0-1

[Event "55smm A Deutschnofen/Alp-Brixen/Milland"]
[Site "?"]
[Date "2023.12.16"]
[Round "4.1"]
[White "Brenninger, Daniel"]
[Black "Dappiano, Andrea"]
[Result "0-1"]
[WhiteElo "2100"]
[BlackElo "2274"]
[PlyCount "56"]
[EventDate "2023.12.16"]

{[%evp 0,56,19,29,23,27,34,5,9,10,48,51,43,22,25,38,32,35,35,24,26,13,13,18,14,
-9,56,0,0,0,234,115,0,0,124,0,0,-136,37,25,29,-170,-74, -151,-269,-261,-261,
-245,-245,-518,-537,-529,-533,-532,-532,-532,-532,-29993,-29994]} 1. Nf3 d5 2.
d4 Nf6 3. e3 e6 4. c4 c6 5. Bd3 Nbd7 6. b3 Bd6 7. Bb2 O-O 8. Nbd2 b6 9. O-O Bb7
10. Re1 c5 11. Rc1 Ne4 12. Ne5 f5 13. f3 cxd4 14. Nxd7 dxe3 15. Nxe4 dxe4 16.
Bxe4 Qxd7 17. Bxb7 Rad8 18. c5 bxc5 19. Ba6 Bxh2+ 20. Kf1 Qe7 21. Bd3 Bf4 22.
g3 Bxg3 23. Rxe3 Qh4 24. Qc2 Qh1+ 25. Ke2 Qg2+ 26. Kd1 Qf1+ 27. Kd2 Qf2+ 28.
Re2 Bf4+ 0-1

[Event "55smm A Deutschnofen/Alp-Brixen/Milland"]
[Site "?"]
[Date "2023.12.16"]
[Round "4.2"]
[White "Gennari, Jacopo"]
[Black "Sader, Michael"]
[Result "0-1"]
[WhiteElo "2116"]
[BlackElo "2093"]
[PlyCount "68"]
[EventDate "2023.12.16"]

{[%evp 0,68,29,34,27,10,25,41,43,66,49,52,47,58,50,50,63,63,52,51,52,64,62,69,
75,68,60,64,51,45,66,59,37,24,24,14,0,0,0,0,0,0,39,-4,30 ,-6,-7,-22,-30,-27,
-29,-36,-30,-76,-84,-166,-191,-255,-192,-195,-192,-192,-192,-272,0,-339,-345,
-348,-341,-354,-337]} 1. d4 Nf6 2. c4 c5 3. d5 d6 4. Nc3 g6 5. e4 Bg7 6. h3 O-O
7. Nf3 a6 8. Bd3 b5 9. cxb5 axb5 10. Nxb5 Ba6 11. Nc3 Qa5 12. O-O Nbd7 13. Qe2
Bxd3 14. Qxd3 Qa6 15. Qxa6 Rxa6 16. Bd2 Rb8 17. b3 Nxe4 18. Nxe4 Bxa1 19. Rxa1
Rxb3 20. Nc3 Rb2 21. Re1 Kf8 22. Bc1 Rc2 23. Nb5 f6 24. a3 Ra5 25. Nc7 Kf7 26.
Ne6 Ra8 27. g4 Nb6 28. g5 f5 29. Nf4 Ra4 30. Be3 Rcc4 31. Nd3 Rxa3 32. Nf4 Rxf4
33. Bxf4 Rxf3 34. Be3 Rxh3 0-1

[Event "55smm A Deutschnofen/Alp-Brixen/Milland"]
[Site "?"]
[Date "2023.12.16"]
[Round "4.3"]
[White "Kofler, Thomas"]
[Black "Lain, Luigi"]
[Result "1/2-1/2"]
[WhiteElo "1948"]
[BlackElo "2243"]
[PlyCount "170"]
[EventDate "2023.12.16"]

{[%evp 0,170,24,10,13,8,13,8,8,-31,3,8,13,13,19,19,26,28,14,7,29,-24,-25,-34,
-26,-35,-16,-30,14,1,16,11,28,26,29,-14,-19,-26,-58,-82,- 17,0,-34,-51,-10,-65,
-34,-27,-53,-53,-5,-22,-71,-71,-72,-72,-62,-68,-55,-54,-32,-67,-51,-27,159,-33,
0,0,70,0,0,0,17,0,0,0,0,0,1 26,95,95,68,70,39,97,34,120,61,99,56,48,26,71,71,
71,47,0,12,6,0,0,0,0,0,0,0,0,0,0,0,0,0,0,0,0,0,0,0,0,-42,-49,-55,-53,-52,-52,-
44,-49,-37,-7,-17,-23,0,0,0,0,-54,0,-48,-40,-48,-48,-48,-48,-85,-92,-111,-107,
-107,-107,-107,-107,-113,-117,-135,-141,-131,-128 ,-156,-84,-166,-162,-166,
-160,-160,-141,-201,-96,-166,-84,-84,0,0,0]} 1. e4 e5 2. Nf3 Nc6 3. Bb5 a6 4.
Ba4 Nf6 5. O-O b5 6. Bb3 Be7 7. d3 d6 8. h3 Na5 9. Be3 c5 10. c3 Nxb3 11. Qxb3
O-O 12. Nbd2 Qc7 13. d4 exd4 14. cxd4 c4 15. Qc2 Bb7 16. d5 Nd7 17. Bd4 f5 18.
Rac1 fxe4 19. Qxe4 Nf6 20. Qe6+ Kh8 21. Rfe1 Bd8 22. b3 Bxd5 23. Qf5 Qc8 24.
Qg5 Bg8 25. Ne4 Qd7 26. Qf4 cxb3 27. axb3 Bxb3 28. Nxd6 Bc7 29. Be5 Bd5 30.
Nf7+ Qxf7 31. Rxc7 Nd7 32. Qg3 Bxf3 33. gxf3 Nxe5 34. Rxf7 Nxf7 35. Re7 Kg8 36.
f4 a5 37. Rb7 b4 38. f5 Ra6 39. Qb3 h6 40. Qc4 Rf6 41. Qd5 Ra6 42. Rb5 Re8 43.
Qc4 Rea8 44. Rb7 Rf6 45. Qd5 Raa6 46. h4 h5 47. Qf3 Nh6 48. Rb5 a4 49. Rxb4 a3
50. Qb3+ Kh7 51. Ra4 Rxa4 52. Qxa4 Nxf5 53. Qxa3 Nxh4 54. Qd3+ Ng6 55. f3 Kh6
56. Kf2 Nh4 57. Qd2+ Kg6 58. f4 Kh7 59. Kg3 Ng6 60. Qa5 Nxf4 61. Kh4 g6 62.
Qc7+ Kh6 63. Qe5 Rf8 64. Qg5+ Kg7 65. Qe7+ Rf7 66. Qe5+ Kh7 67. Qe8 Rf5 68. Kg3
Nd5 69. Qd7+ Kh6 70. Qd8 Nf6 71. Qc8 Nh7 72. Qe6 Rf6 73. Qg8 g5 74. Qc8 Nf8 75.
Qe8 Ng6 76. Qd8 h4+ 77. Kg2 Rf4 78. Qb6 g4 79. Qc5 Re4 80. Qc6 Re2+ 81. Kg1 Re5
82. Kf2 Rg5 83. Qf6 g3+ 84. Kg2 h3+ 85. Kxh3 g2 1/2-1/2

[Event "55smm A Deutschnofen/Alp-Brixen/Milland"]
[Site "?"]
[Date "2023.12.16"]
[Round "4.4"]
[White "Micheli, Carlo"]
[Black "Paulmichl, Martin"]
[Result "1/2-1/2"]
[WhiteElo "2177"]
[BlackElo "1880"]
[PlyCount "100"]
[EventDate "2023.12.16"]

{[%evp 0,100,24,-29,46,45,56,54,32,37,46,44,33,12,25,26,24,-4,14,8,-3,1,37,-6,
9,7,5,12,15,2,8,-10,0,-44,-31,-38,-40,-96,-98,-96,-85,-8 6,-112,-105,-99,-84,
-96,-104,-102,-153,-120,-148,-95,-116,-91,-189,-166,-159,-141,-99,-66,-163,-94,
-122,-122,-266,-130,-155,-47 ,-83,-66,-77,-83,-81,-105,-110,-98,-90,-87,-98,
-104,-113,-104,-104,-63,-63,-64,-63,-65,-102,-83,-85,-102,-104,-114,-114,-127,
-1 33,-76,-77,-85,-92,-84]} 1. c4 f5 2. Nc3 e6 3. Nf3 Nf6 4. d4 Bb4 5. Qb3
Bxc3+ 6. Qxc3 Ne4 7. Qc2 O-O 8. e3 b6 9. Bd3 Bb7 10. O-O d6 11. Ne1 Nd7 12. f3
Nef6 13. b4 c5 14. a3 Rc8 15. Qf2 d5 16. bxc5 bxc5 17. Rb1 Qc7 18. Nc2 Ba6 19.
Rd1 dxc4 20. Bf1 Nd5 21. Qe1 Rb8 22. Rxb8 Qxb8 23. e4 fxe4 24. fxe4 N5f6 25. d5
exd5 26. exd5 Re8 27. Qh4 Re4 28. Qh3 Qe5 29. Ne3 Bb5 30. d6 g6 31. a4 Bxa4 32.
Nxc4 Qh5 33. Qxh5 Nxh5 34. Rd2 Bb5 35. Re2 Nhf6 36. Rxe4 Nxe4 37. Bf4 a6 38.
Bd3 Nef6 39. Bf1 Kf7 40. g3 Nd5 41. Bd2 N7b6 42. Nxb6 Nxb6 43. Bh3 Bd7 44. Ba5
Nc4 45. Bxd7 Nxa5 46. Bc8 Nc4 47. d7 Ke7 48. Bxa6 Nb6 49. Bb5 Nxd7 50. Kf2 Kd6
1/2-1/2

[Event "55smm A Deutschnofen/Alp-Brixen/Milland"]
[Site "?"]
[Date "2023.12.16"]
[Round "4.5"]
[White "Wisthaler, Lukas"]
[Black "Tonina, Filippo"]
[Result "0-1"]
[WhiteElo "1860"]
[BlackElo "1946"]
[PlyCount "82"]
[EventDate "2023.12.16"]

{[%evp 0,82,10,8,75,-16,8,-3,16,33,18,22,16,38,30,28,29,22,23,23,23,33,40,34,
50,50,52,66,58,55,52,52,45,45,32,35,46,47,39,47,45,40,40, 29,39,46,43,28,39,39,
120,93,96,38,41,36,38,42,76,69,94,53,83,74,80,76,68,29,52,23,11,0,0,0,0,0,0,0,
0,-22,-8,-575,-590,-596,-601 ]} 1. e4 d6 2. c4 Nf6 3. Nc3 c5 4. Nf3 Nc6 5. d4
cxd4 6. Nxd4 g6 7. Be2 Bg7 8. Be3 O-O 9. O-O Bd7 10. Rc1 Rc8 11. f3 Ne5 12. b3
a6 13. Qd2 Re8 14. Rfd1 Qa5 15. Kh1 Nc6 16. Bf1 Nxd4 17. Bxd4 Qh5 18. Be3 Bc6
19. Be2 Qa5 20. Bg5 Nd7 21. Be3 h5 22. Nd5 Qxd2 23. Bxd2 e6 24. Nb4 d5 25. cxd5
exd5 26. Nxd5 Bxd5 27. Rxc8 Rxc8 28. exd5 Rc2 29. a4 h4 30. f4 Bf8 31. Bd3 Rb2
32. Bc4 Bd6 33. g3 Nc5 34. Bc3 Rc2 35. Be5 Ne4 36. Bd3 Nf2+ 37. Kg1 Nh3+ 38.
Kh1 Nf2+ 39. Kg1 Nh3+ 40. Kf1 Rf2+ 41. Ke1 Bb4+ 0-1

[Event "55smm A Deutschnofen/Alp-Brixen/Milland"]
[Site "?"]
[Date "2023.12.16"]
[Round "4.6"]
[White "Hofer, Alois"]
[Black "Hellweg, Stephan"]
[Result "1/2-1/2"]
[WhiteElo "1667"]
[BlackElo "1730"]
[PlyCount "37"]
[EventDate "2023.12.16"]

{[%evp 0,37,27,8,63,82,60,41,36,46,39,42,57,32,38,13,29,15,10,1,0,0,8,0,12,-14,
-12,-58,70,-93,39,-156,42,-13,84,84,84,77,77,-8]} 1. e4 c6 2. d4 d5 3. Nd2 dxe4
4. Nxe4 Bf5 5. Ng3 Bg6 6. Nf3 Nd7 7. Be2 e6 8. O-O Bd6 9. b3 Ngf6 10. Bb2 Qc7
11. c4 h5 12. Nh4 O-O-O 13. Bf3 Bf4 14. Qe2 Rde8 15. Bc1 Bd6 16. Bg5 Bf4 17.
Bxf4 Qxf4 18. Nxg6 fxg6 19. Qe3 1/2-1/2

[Event "55smm A Groeden-Ehrenburg"]
[Site "?"]
[Date "2023.12.16"]
[Round "4.2"]
[White "Casadio, Niccolo"]
[Black "Lerch, Johannes"]
[Result "1-0"]
[WhiteElo "2107"]
[BlackElo "2119"]
[PlyCount "81"]
[EventDate "2023.12.16"]

{[%evp 0,81,20,25,23,40,19,32,37,48,47,39,56,56,49,35,43,35,61,56,77,50,65,53,
66,34,72,72,86,73,127,97,97,98,120,102,98,104,135,153,16 3,53,55,51,50,55,52,
44,44,44,44,40,69,27,47,5,157,157,157,163,155,166,213,236,237,259,260,270,261,
279,300,292,343,402,445,405,4 60,407,407,428,457,457,453,502]} 1. e4 e5 2. Nf3
Nf6 3. Nxe5 d6 4. Nf3 Nxe4 5. Nc3 Nf6 6. d4 Be7 7. Bd3 O-O 8. h3 Re8 9. O-O
Nbd7 10. Ne2 Nf8 11. Ng3 Ng6 12. c4 c6 13. Re1 Bd7 14. Qc2 Bf8 15. Bg5 Rxe1+
16. Rxe1 Be7 17. Nf5 Bxf5 18. Bxf5 Qf8 19. h4 Re8 20. Qe2 Bd8 21. Qd2 Rxe1+ 22.
Qxe1 h6 23. Be3 Qe7 24. Qb4 d5 25. c5 b6 26. Bxg6 fxg6 27. Ne5 bxc5 28. Qxc5
Qxc5 29. dxc5 Bc7 30. Nxc6 a6 31. b4 Kf7 32. a4 Ke6 33. b5 axb5 34. axb5 Kd7
35. Na7 Be5 36. b6 Ne8 37. f4 Bb8 38. c6+ Ke6 39. Nb5 d4 40. c7 Bxc7 41. bxc7
1-0

[Event "55smm A Groeden-Ehrenburg"]
[Site "?"]
[Date "2023.12.16"]
[Round "4.3"]
[White "Hengl, Christian"]
[Black "Demetz, Rainer"]
[Result "1/2-1/2"]
[WhiteElo "2125"]
[BlackElo "2201"]
[PlyCount "26"]
[EventDate "2023.12.16"]

1. e4 c5 2. Nf3 d6 3. Nc3 Nf6 4. Bb5+ Bd7 5. Bxd7+ Qxd7 6. O-O g6 7. d4 cxd4 8.
Nxd4 Bg7 9. f3 O-O 10. Be3 Nc6 11. Qd2 Rac8 12. Rfd1 Rfd8 13. Rac1 Ne5 1/2-1/2

[Event "55smm A Groeden-Ehrenburg"]
[Site "?"]
[Date "2023.12.16"]
[Round "4.4"]
[White "Bernardi, Ruben"]
[Black "Babinetz, Rainer"]
[Result "1-0"]
[WhiteElo "2042"]
[BlackElo "1915"]
[PlyCount "47"]
[EventDate "2023.12.16"]

{[%evp 0,47,25,23,74,74,61,62,61,57,57,62,62,18,89,78,79,43,55,51,73,75,83,84,
321,334,346,352,354,322,329,278,260,262,285,295,435,491, 447,571,526,308,994,
359,500,978,978,978,1399,1723]} 1. e4 d6 2. Nc3 e5 3. Nf3 Nf6 4. d4 exd4 5.
Nxd4 Be7 6. Rg1 Bg4 7. f3 Bd7 8. Be3 Nc6 9. Be2 Nxd4 10. Qxd4 Bc6 11. g4 b6 12.
g5 Nd7 13. Qxg7 Rf8 14. O-O-O Nc5 15. Bxc5 bxc5 16. f4 Qb8 17. f5 Qb4 18. a3
Qb7 19. f6 Bd8 20. e5 Be4 21. Rge1 d5 22. Bb5+ c6 23. Nxe4 Bc7 24. Nd6+ 1-0

[Event "55smm A Groeden-Ehrenburg"]
[Site "?"]
[Date "2023.12.16"]
[Round "4.5"]
[White "Hengl, Philip"]
[Black "Moroder, Thomas"]
[Result "0-1"]
[WhiteElo "1952"]
[BlackElo "2012"]
[PlyCount "56"]
[EventDate "2023.12.16"]

1. e4 c5 2. Nc3 Nc6 3. Nf3 e6 4. d4 cxd4 5. Nxd4 a6 6. a3 Qc7 7. Be3 Nf6 8. Be2
Be7 9. O-O O-O 10. f4 d6 11. Bf3 Bd7 12. Nb3 b5 13. Qe1 Rab8 14. Qg3 b4 15.
axb4 Nxb4 16. Rf2 Nxc2 17. Rxc2 Rxb3 18. Rxa6 Qb8 19. e5 Ne8 20. Ra8 Qb4 21.
Ra7 Rxb2 22. Rxb2 Qxb2 23. Rxd7 Qxc3 24. Qf2 Qa1+ 25. Qf1 Qa3 26. Bf2 d5 27.
Ra7 Qb4 28. Rb7 Qxb7 0-1

[Event "55smm A Groeden-Ehrenburg"]
[Site "?"]
[Date "2023.12.16"]
[Round "4.6"]
[White "Grossi, Christian"]
[Black "Gruber, Alexander"]
[Result "1-0"]
[WhiteElo "1905"]
[BlackElo "1856"]
[PlyCount "45"]
[EventDate "2023.12.16"]

1. d4 d5 2. c4 e6 3. Nf3 Nf6 4. Bg5 Be7 5. e3 O-O 6. Nc3 h6 7. Bh4 b6 8. cxd5
Nxd5 9. Bxe7 Qxe7 10. Bd3 Bb7 11. O-O Nd7 12. Re1 c5 13. e4 cxd4 14. Nxd5 exd5
15. e5 Nc5 16. Nxd4 Nxd3 17. Qxd3 Rad8 18. Re3 g6 19. f4 Kh7 20. f5 Rde8 21.
Rae1 Bc8 22. Rh3 Rg8 23. Rxh6+ 1-0

[Event "55smm A Steinegg-Richter/Lask2"]
[Site "?"]
[Date "2023.12.16"]
[Round "4.1"]
[White "Fongarolli, Diego"]
[Black "Engl, Stefan"]
[Result "1/2-1/2"]
[WhiteElo "1883"]
[BlackElo "1992"]
[PlyCount "41"]
[EventDate "2023.12.16"]

{[%evp 0,41,23,13,47,48,48,33,46,46,0,53,42,48,68,31,17,18,22,22,22,27,18,2,29,
-2,2,5,19,-2,17,4,16,16,13,33,33,29,46,47,53,54,54,54]} 1. e4 e6 2. d4 d5 3.
Nd2 c5 4. exd5 Qxd5 5. Ngf3 cxd4 6. Bc4 Qd6 7. O-O Nf6 8. Nb3 Nc6 9. Nbxd4 Nxd4
10. Nxd4 a6 11. c3 Qc7 12. Bb3 Bd6 13. h3 Bd7 14. Re1 O-O-O 15. Qf3 h6 16. Be3
Kb8 17. Rad1 e5 18. Nc2 Bc6 19. Qe2 Ne4 20. Nb4 Bxb4 21. cxb4 1/2-1/2